The world of business

Αποθηκεύτηκε σε:
Λεπτομέρειες βιβλιογραφικής εγγραφής
Μορφή: Βιβλίο
Γλώσσα:Undetermined
Έκδοση: New York Simon and Schuster 1962
Θέματα:
Ετικέτες: Προσθήκη ετικέτας
Δεν υπάρχουν, Καταχωρήστε ετικέτα πρώτοι!
Thư viện lưu trữ: Trung tâm Học liệu Trường Đại học Cần Thơ
LEADER 00449nam a2200157Ia 4500
001 CTU_98531
008 210402s9999 xx 000 0 und d
082 |a 650 
082 |b W927/Vol.1 
245 4 |a The world of business 
245 0 |c Edited by Edward C. Bursk, Donald T. Clark, Ralph W. Hidy 
260 |a New York 
260 |b Simon and Schuster 
260 |c 1962 
650 |a Business 
980 |a Trung tâm Học liệu Trường Đại học Cần Thơ